00633cam a2200217 4500001001300000003000400013005001700017008004100034010001700075025002000092050002000112082001300132100002600145245005700171260006700228300003000295350000900325651004200334651002200376999001700398sa 68014660 DLC20260227112633.0700211s1968 ii a 00010 eng  asa 68014660  aPL480:I-E-108790 aDS480.84b.N275 a320.9/5420aNarayana Ayyar, S. R.10aWails of an obscure Hindu,cby S. R. Narayana Ayyar.0 a[Coonoor]bCopies available from Higginbothams, Madrasc[1968] a93, lx p.billus.c22 cm. a3.50 0aIndiaxPolitics and governmenty1947- 0aIndiaxLanguages. c85940d85940